Giang hồ Sài Gòn

שמור ב:
מידע ביבליוגרפי
מחבר ראשי: Vũ, Quang Hùng
פורמט: ספר
שפה:Undetermined
יצא לאור: Thành phố Hồ Chí Minh Trẻ 2012
נושאים:
תגים: הוספת תג
אין תגיות, היה/י הראשונ/ה לתייג את הרשומה!
Thư viện lưu trữ: Trung tâm Học liệu Trường Đại học Cần Thơ
LEADER 00556nam a2200193Ia 4500
001 CTU_180997
008 210402s9999 xx 000 0 und d
020 |c 50000 
082 |a 895.9223008 
082 |b H513 
100 |a Vũ, Quang Hùng 
245 0 |a Giang hồ Sài Gòn 
245 0 |c Vũ Quang Hùng 
260 |a Thành phố Hồ Chí Minh 
260 |b Trẻ 
260 |c 2012 
650 |a Short stories, Vietnamese,Truyện ngắn Việt Nam 
904 |i Hải 
980 |a Trung tâm Học liệu Trường Đại học Cần Thơ